000 00487nam a2200193 a 4500
001 5981
003 CO-ViMGA
008 141112s2004 ck r 000 u spa d
040 _aCO-ViMGA
_bspa
_cCO-ViMGA
082 0 4 _aBLYci22
100 1 _aBlyton, Enid
_953656
245 1 0 _aLos cinco y el tesoro de la isla
250 _a6a
260 _aBarcelona :
_bJuventud,
_c1972
300 _a156 p
650 1 4 _aCUENTOS INFANTILES
_92743
650 1 4 _aCUENTOS INGLESES
_94268
942 _2ddc
_cBK
999 _c17955
_d17955